| 000 | 00454nmm a2200157Ia 4500 | ||
|---|---|---|---|
| 008 | 251105s9999||||xx |||||||||||||||||und|| | ||
| 020 | _a9788467187601 | ||
| 041 | _apor | ||
| 100 | _aLovelace, Merline | ||
| 245 | 2 | _aA sedução do magnata | |
| 264 |
_a[Madrid, España] : _bHarlequin, _c[Fecha de publicación no identificada] |
||
| 300 | _a0 páginas | ||
| 650 | _aRomance | ||
| 856 | _uhttps://public.digitaliapublishing.com/a/95888 | ||
| 942 | _cCF | ||
| 999 |
_c83620 _d83620 |
||